One-Person Titles - Statistics

General Stats
  • This quiz has been taken 482 times
  • The average score is 7 of 14
Answer Stats
Title Country Person % Correct
Führer Germany Adolf Hitler
100%
Eternal President of the Republic North Korea Kim Il-Sung
95%
Duce Italy Benito Mussolini
94%
Guide of the Revolution Libya Muammar Gaddafi
80%
Caudillo Spain Francisco Franco
79%
Marshal of Yugoslavia Yugoslavia Josip Broz Tito
71%
Conqueror of the British Empire Uganda Idi Amin
57%
General Special Class Republic of China Chiang Kai Shek
32%
Kuku Ngbendu Wa Za Banga Zaire Mobutu Sese Seko
21%
Emperor of Central Africa Central African Empire Jean-Bédel Bokassa
11%
Emperor of the United States United States Emperor Norton
10%
Queen of Malawi Malawi Queen Elizabeth II
10%
Admiral of the Navy United States George Dewey
5%
King of Haiti Haiti Henri I
4%
No matching quizzes found
Score Distribution
Percent of People with Each Score
Percentile by Number Answered
Your Score History
You have not taken this quiz